000 00650nam a22002417a 4500
001 000204
003 DO-SdBPM
005 20250521120651.0
007 000204
008 151210b 2004 sp a 00| 0 spa d
020 _a8424186060
040 _aDO-SdBPM
_bspa
_cBPMSU
082 4 _a808.83
_bP657 2004
_222
245 0 0 _aPinocho
250 _a2a. ed.
260 _aLeón, España ;
_bEditorial Everest,
_c2004.
300 _a[48] p.;
_bil
_c26 cm.
500 _aA la cabeza del titulo: Disney
590 _aInventariado, 2025/VM
650 4 _aCuentos infantiles
_vColecciones
910 _aVMateo V. Control de calidad. BPMSU
942 _2ddc
_cBK
999 _c9395
_d9395